TQC and TPM

Bibliographic Details
Other Authors: Senju, Shiuo (ed.by)
Format: Book
Published: Japan : Asian Productivity Organization , 1992
Subjects:

MARC

LEADER 00000cam a2200000 7i4500
001 0000005193
002 000005612
005 20000330.0
020 |a 9283311205 
090 0 0 |a 658.562   |b TQC 
245 0 0 |a TQC and TPM   |c edited by Shizuo Senju ; Compiled by the Japan Institute of Plant maintenauce 
260 |a Japan :   |b Asian Productivity Organization ,   |c 1992 
300 |a 158p. ;   |c 23cm. 
650 0 0 |a Quality control 
700 1 |a Senju, Shiuo ,   |e ed.by 
999 |a 031164   |b BUKU   |c PINJAMAN   |e PERPUSTAKAAN KOMUNITI PETALING JAYA